00708nam a2200193Ia 4500008004100000020001800041082002100059100002100080245006000101250000600161260002800167300001100195440001800206500002700224650004100251952009500292952011000387999001700497120622s9999 xx 000 0 und d a968-887-208-3 a770.1 F889f 1999 aFreund, Giséle aLa fotografía como documento social / Giséle Freund a8 aMéxico : Gustavo Gili a207 p. aGG Mass Media aIncluye bibliografía a1. FOTOGRAFIA - ASPECTOS SOCIALESÌ 00104070a01b01d2007-01-25l0o770.1 F889F 1999p01 005337r2012-06-24w2012-06-24yLB 00104070a01b01d2007-01-25l1o770.1 F889F 1999p01 005742r2014-05-21s2014-05-21t2w2012-06-24yLB c56325d56325